Iron Man : (Record no. 323)

MARC details
000 -LEADER
fixed length control field 00518nam a2200181 a 4500
005 - DATE AND TIME OF LATEST TRANSACTION
control field 20260322212015.0
008 - FIXED-LENGTH DATA ELEMENTS--GENERAL INFORMATION
fixed length control field data
020 ## - INTERNATIONAL STANDARD BOOK NUMBER
International Standard Book Number 9780785168348
099 ## - LOCAL FREE-TEXT CALL NUMBER (OCLC)
Classification number GILLEK
001 - CONTROL NUMBER
control field data
100 1# - MAIN ENTRY--PERSONAL NAME
Personal name Gillen, Kieron
245 10 - TITLE STATEMENT
Title Iron Man :
Remainder of title the secret origin of Tony Stark.
Statement of responsibility, etc. Kieron Gillen, Greg Land & Dale Eaglesham.
260 ## - PUBLICATION, DISTRIBUTION, ETC.
Place of publication, distribution, etc. New York, NY :
Name of publisher, distributor, etc. Marvel Worldwide,
Date of publication, distribution, etc. 2013.
300 ## - PHYSICAL DESCRIPTION
Extent 1 volume (unpaged) : color illustrations ;
Other physical details 27 cm.
650 #0 - SUBJECT ADDED ENTRY--TOPICAL TERM
Topical term or geographic name entry element Science fiction
700 1# - ADDED ENTRY--PERSONAL NAME
Personal name Land, Greg
700 1# - ADDED ENTRY--PERSONAL NAME
Personal name Eaglesham, Dale
Holdings
Withdrawn status Lost status Damaged status Not for loan Home library Current library Shelving location Date acquired Total checkouts Full call number Barcode Date last seen Price effective from Koha item type
        Franklin Franklin General stacks 22/03/2026   GEN BC0010333 22/03/2026 22/03/2026 Books